Сечения взаимодействия гамма- излучения (для энергий 0,001-100 Мэв и элементов с 1-100): справочник; пер. с англ.

Dades bibliogràfiques
Autor principal: Сторм Э. Эллери
Altres autors: Исраэль Х. Харви
Idioma:rus
Publicat: Москва, Атомиздат, 1973
Matèries:
Format: Llibre
KOHA link:https://koha.lib.tpu.ru/cgi-bin/koha/opac-detail.pl?biblionumber=67888

MARC

LEADER 00000nam0a2200000 4500
001 67888
005 20231031074228.0
035 |a (RuTPU)RU\TPU\book\72284 
090 |a 67888 
100 |a 20040927d1973 k y0rusy50 ca 
101 1 |a rus  |c eng 
102 |a RU 
105 |a y g 001zy 
200 1 |a Сечения взаимодействия гамма- излучения (для энергий 0,001-100 Мэв и элементов с 1-100)  |e справочник  |e пер. с англ.  |f Э. Сторм, Х. Исраэль 
210 |a Москва  |c Атомиздат  |d 1973 
215 |a 256 с. 
320 |a Библиогр.: с. 17-19 
610 1 |a гамма-лучи 
610 1 |a взаимодействия 
610 1 |a вещества 
610 1 |a эффективные сечения 
675 |a 539.172(035)  |v 3 
700 1 |a Сторм  |b Э.  |g Эллери 
701 1 |a Исраэль  |b Х.  |g Харви 
801 1 |a RU  |b 63413507  |c 20040927  |g PSBO 
801 2 |a RU  |b 63413507  |c 20140408  |g PSBO 
942 |c BK